| 000 | 04337cam a2200445 i 4500 | ||
|---|---|---|---|
| 999 |
_c3994 _d3994 |
||
| 001 | 18348643 | ||
| 003 | Nust | ||
| 005 | 20180521055641.0 | ||
| 008 | 141025t20142013nyu b 001 0 eng d | ||
| 010 | _a 2014415643 | ||
| 020 | _a9780307947055 (pbk.) | ||
| 020 | _a030794705X (pbk.) | ||
| 020 | _z9780307961105 (ebook) | ||
| 035 | _a(OCoLC)ocn853244456 | ||
| 040 |
_aYDXCP _beng _erda _cYDXCP _dBTCTA _dBDX _dMLY _dTAMCT _dJ2H _dCHVBK _dOCLCO _dDLC |
||
| 042 | _alccopycat | ||
| 050 | 0 | 0 |
_aHM851 _b.S264 2014 |
| 082 | 0 | 4 |
_a303.4833 _bCOH |
| 100 | 1 |
_aSchmidt, Eric, _d1955 April 27- _910375 |
|
| 245 | 1 | 4 |
_aThe new digital age : _btransforming nations, businesses, and our lives / _cEric Schmidt and Jared Cohen. |
| 250 | _aFirst Vintage Books Edition. | ||
| 260 |
_aUK: _bJohn Murray, _c2014 |
||
| 300 |
_a351 pages ; _c21 cm |
||
| 500 | _a"With a new afterword"--Cover. | ||
| 504 | _aIncludes bibliographical references (pages 285-337) and index. | ||
| 505 | 0 | _aIntroduction -- Our Future Selves -- The Future of Identity, Citizenship and Reporting -- The Future of States -- The Future of Revolution -- The Future of Terrorism -- The Future of Conflict, Combat and Intervention -- The Future of Reconstruction -- Conclusion -- Afterword. | |
| 520 | _aIn collaboration, two leading global thinkers from in technology and foreign affairs from Google give readers their widely anticipated, transformational vision of the future: a world where everyone is connected, a world full of challenges and benefits that are ours to meet and to harness. With their combined knowledge and experiences, the authors are uniquely positioned to take on some of the toughest questions about our future: Who will be more powerful in the future, the citizen or the state? Will technology make terrorism easier or harder to carry out? What is the relationship between privacy and security, and how much will we have to give up to be part of the new digital age? In this they combine observation and insight to outline the promise and peril awaiting us in the coming decades. This is a forward-thinking account of where our world is headed and what this means for people, states and businesses. With the confidence and clarity of visionaries, the authors illustrate just how much we have to look forward to, and beware of, as the greatest information and technology revolution in human history continues to evolve. On individual, community and state levels, across every geographical and socioeconomic spectrum, they reveal the dramatic developments both good and bad, that will transform both our everyday lives and our understanding of self and society, as technology advances and our virtual identities become more and more fundamentally real. As their nuanced vision of the near future unfolds, an urban professional takes his driverless car to work, attends meetings via hologram and dispenses housekeeping robots by voice; a Congolese fisherwoman uses her smart phone to monitor market demand and coordinate sales (saving on costly refrigeration and preventing overfishing); the potential arises for "virtual statehood" and "Internet asylum" to liberate political dissidents and oppressed minorities, but also for tech-savvy autocracies (and perhaps democracies) to exploit their citizens' mobile devices for ever more ubiquitous surveillance. Along the way, we meet a cadre of international figures, including Julian Assange, who explain their own visions of our technology-saturated future. This book is an analysis of how our hyper-connected world will soon look. | ||
| 650 | 0 |
_aDigital media _xSocial aspects _xForecasting. _910376 |
|
| 650 | 0 |
_aDigital media _xPolitical aspects _xForecasting. _910377 |
|
| 650 | 0 |
_aDigital electronics _xSocial aspects _xForecasting. _910378 |
|
| 650 | 0 |
_aDigital electronics _xPolitical aspects _xForecasting. _910379 |
|
| 650 | 0 |
_aInformation technology _xSocial aspects _xForecasting. _910380 |
|
| 650 | 0 |
_aInformation technology _xPolitical aspects _xForecasting. _910381 |
|
| 650 | 0 |
_aComputers and civilization _xForecasting. _910382 |
|
| 650 | 0 |
_aTechnology and civilization _xForecasting. _910383 |
|
| 700 | 1 |
_aCohen, Jared, _d1981- _910384 |
|
| 906 |
_a7 _bcbc _ccopycat _d2 _encip _f20 _gy-gencatlg |
||
| 942 |
_2ddc _cBK |
||